Statistics for Geographic J Triplets

Click here to take the quiz!

General Stats

  • This quiz has been taken 21 times
  • The average score is 7 of 15

Answer Stats

CategoryAnswers% Correct
CountriesJamaica
95%
CountriesJordan
95%
CountriesJapan
86%
U.S. state capitalsJackson
71%
CapitalsJakarta
62%
CapitalsJuba
57%
U.S. state capitalsJuneau
57%
U.S. state capitalsJefferson City
48%
CapitalsJerusalem
48%
"Colorful" cities of RajasthanJaipur
38%
"Colorful" cities of RajasthanJodhpur
24%
Chinese provincesJiangsu
19%
"Colorful" cities of RajasthanJaisalmer
10%
Chinese provincesJiangxi
10%
Chinese provincesJilin
5%

Score Distribution

Percentile by Number Answered

Percent of People with Each Score

Your Score History

You have not taken this quiz